Statistics for Memphis Grizzlies NBA Awards Winners

Click here to take the quiz!

General Stats

  • This quiz has been taken 478 times
    (228 since last reset)
  • The average score is 4 of 6

Answer Stats

Player% Correct
Ja Morant
100%
Jaren Jackson Jr.
99%
Marc Gasol
96%
Pau Gasol
96%
Mike Miller
25%
Hubie Brown
14%

Score Distribution

Percentile by Number Answered

Percent of People with Each Score

Your Score History

You have not taken this quiz since the last reset